[Event "Blagoevgrad op"]
[Site "Blagoevgrad"]
[Date "2013.10.02"]
[Round "7"]
[White "Bednikov, Georgi"]
[Black "Gelemerov, Yane"]
[Result "0-1"]
[WhiteElo "1800"]
[BlackElo "2084"]
[PlyCount "120"]
[EventDate "2013.09.28"]
[EventType "swiss"]
[EventRounds "9"]
[EventCountry "BUL"]
[SourceTitle "CBM 156 Extra"]
[Source "ChessBase"]
[SourceDate "2013.10.22"]
[SourceVersion "1"]
[SourceVersionDate "2013.10.22"]
[SourceQuality "1"]

1. e4 e5 2. Nf3 Nc6 3. Nc3 Nf6 4. d4 Bb4 5. dxe5 Nxe4 6. Qd3 d5 7. exd6 Bf5 8. d7+ Qxd7 9. Qxd7+ Bxd7 10. Bd2 Nxd2 11. Kxd2 0-0-0 12. Bd3 Bf5 13. a3 Be7 14. Rad1 Bxd3 15. cxd3 f5 16. Rhe1 Bf6 17. Kc2 Rd6 18. Re2 Rhd8 19. Nb5 Rd5 20. Nc3 R5d7 21. Re6 h6 22. h3 a6 23. Ne2 Rd5 24. Nc3 Rc5 25. Rxf6 gxf6 26. b4 Re5 27. Nxe5 fxe5 28. Ne2 Kd7 29. d4 e4 30. Nf4 Kd6 31. Kc3 Ne7 32. Kd2 c6 33. g3 Ra8 34. Rb1 b5 35. Ke3 a5 36. Rb3 axb4 37. axb4 Ra2 38. g4 fxg4 39. Kxe4 Rxf2 40. hxg4 Rh2 41. Rf3 Rh4 42. Rg3 Rh1 43. Rh3 Rxh3 44. Nxh3 Nd5 45. g5 hxg5 46. Nxg5 Nxb4 47. Nf7+ Kc7 48. Ne5 Nd5 49. Kd3 Kb6 50. Nd7+ Ka5 51. Ne5 Ne7 52. Kc3 Ka4 53. Nd3 Ka3 54. Kc2 b4 55. Nc5 Ka2 56. Nb3 Nf5 57. Na5 Nxd4+ 58. Kd3 b3 59. Nc4 Nb5 60. Nd2 b2 0-1

[Event "Blagoevgrad op"]
[Site "Blagoevgrad"]
[Date "2013.10.01"]
[Round "6"]
[White "Karpach, Shaban"]
[Black "Bednikov, Georgi"]
[Result "0-1"]
[WhiteElo "1577"]
[BlackElo "1800"]
[PlyCount "64"]
[EventDate "2013.09.28"]
[EventType "swiss"]
[EventRounds "9"]
[EventCountry "BUL"]
[SourceTitle "CBM 156 Extra"]
[Source "ChessBase"]
[SourceDate "2013.10.22"]
[SourceVersion "1"]
[SourceVersionDate "2013.10.22"]
[SourceQuality "1"]

1. e4 e6 2. Nf3 d5 3. exd5 exd5 4. d4 Bg4 5. Be2 Bd6 6. Nc3 c6 7. h3 Bh5 8. 0-0 Ne7 9. Re1 0-0 10. Bg5 f6 11. Be3 Re8 12. Bd2 Nd7 13. a3 Nf8 14. Nh4 Bf7 15. Bd3 Qd7 16. Na4 b6 17. Bb4 Bc7 18. Bd2 Neg6 19. Bxg6 Nxg6 20. Nxg6 Bxg6 21. Nc3 Qf5 22. Rc1 Rxe1+ 23. Qxe1 Re8 24. Qd1 Qe6 25. Be3 Qd6 26. g3 Rxe3 27. fxe3 Qxg3+ 28. Kf1 Qxh3+ 29. Ke1 Qxe3+ 30. Kf1 Qh3+ 31. Ke1 Qg3+ 32. Kd2 Bf4+ 0-1

[Event "BUL-ch sf 72nd"]
[Site "Plovdiv"]
[Date "2008.02.14"]
[Round "3"]
[White "Bednikov, Georgi"]
[Black "Arnaudov, Petar"]
[Result "1-0"]
[WhiteElo "2018"]
[BlackElo "2194"]
[PlyCount "74"]
[EventDate "2008.02.13"]
[EventType "swiss"]
[EventRounds "9"]
[EventCountry "BUL"]
[SourceTitle "EXT 2009"]
[Source "ChessBase"]
[SourceDate "2008.11.26"]
[SourceVersion "1"]
[SourceVersionDate "2008.11.26"]
[SourceQuality "1"]

1. e4 c5 2. Nc3 g6 3. f4 Bg7 4. Nf3 Nc6 5. Bb5 Nd4 6. 0-0 Nxb5 7. Nxb5 a6 8. Nc3 b5 9. d3 d6 10. Qe1 b4 11. Ne2 d5 12. e5 Nh6 13. c3 a5 14. c4 0-0 15. b3 Nf5 16. g4 Nd4 17. Nexd4 cxd4 18. h3 dxc4 19. bxc4 f6 20. Bb2 fxe5 21. Qe4 Rb8 22. Nxe5 Bb7 23. Qxd4 Qc7 24. Rae1 Rbd8 25. Qe3 Ba8 26. Kh2 e6 27. Re2 a4 28. Rff2 a3 29. Bd4 Qb7 30. Nf3 Bxd4 31. Nxd4 Rd6 32. Nb3 Qh1+ 33. Kg3 Qg1+ 34. Kh4 h6 35. d4 Rf7 36. Re1 g5+ 37. Kh5 gxf4 1-0